000 00345nam a22001457a 4500
008 210607b ||||| |||| 00| 0 eng d
020 _a9781439042236
041 _aeng
080 _28th
_a33
082 _a33
100 _a58
101 _aBIZ
245 _aBusiness Ethics Ethical Decision Making and Cases
_cO. C. Ferrell
942 _2udc
_cBK
999 _c58051
_d58051